00324nam a2200109Ia 4500008004100000041000800041082001500049100001600064245007700080260003800157300001900195241028s9999 xx 000 0 und d aeng a338.91 VER aRajiv Verma aUnderstanding Women Emprowment Through Indian Culture, Text An Practices bRaghav BooksaGhaziabad U.Pc2021 a267;. P. 23 cm